000 00954nam a2200265 a 4500
003 DO-SdBNP
005 20250610150022.0
007 ta
008 220202e2019 dr a|||fr|||| 001 0dspa d
020 _a9781684546633
040 _aDO-SdBNP
_bspa
_cBNPHU
082 4 _222
_bD418i
245 1 0 _aIdeas [claras]²:
_bsistema de éxito y liderazgo integral basado en estructuras empresariales y valores morales /
_cJonathan D´eoleo Puig
250 _a5ta. reimpresión.
260 _aSanto Domingo :
_bd´eoleopuig Consulting Company,
_c2019
300 _a191 p. :
_bil. ;
_c21 cm.
500 _aIncluye datos biográficos del autor en las solapas de las portadas.
504 _aBibliografía: [192- 193].
590 _aInventariado 2022 / MF
650 0 _aLiderazgo
_zRepública Dominicana
_92140
650 4 _911333
_aÉxito en los Negocios
650 4 _965544
_aCrecimiento Empresarial
_zRepública Dominicana
910 _aMFeliz
942 _2ddc
_cLBS1
999 _c51315
_d51315